| 000 | 00564nam a2200241 a 4500 | ||
|---|---|---|---|
| 001 | nice12345678 | ||
| 003 | IN_TiNIC | ||
| 005 | 20260116012144.0 | ||
| 008 | 050524s1957 hara grp 000 0 eng | ||
| 020 |
_a _c100 |
||
| 082 | 0 | 0 |
_a297.52 _bCRA |
| 100 | _aCragg, Kenneth | ||
| 245 | _aRamadan Prayers | ||
| 260 |
_aHartford _bNo Publisher _c1957 |
||
| 300 | _a13p | ||
| 500 | _aincludes index and biblioraphy | ||
| 505 | 2 | _aReserve copies | |
| 650 | _aIslam-Prayers | ||
| 700 | 1 | _aCragg, Kenneth | |
| 902 | _bSRS | ||
| 942 | _cBK | ||
| 999 |
_c5864 _d5864 |
||